000
00339nam a2200145Ia 4500
005
20250405164252.0
008
240331s9999 xx 000 0 und d
082
_b
SIV
_a
894
100
_a
Sivasekaram, S
245
0
_a
Seppanittap padimangal
260
_a
Chennai
_b
Chennai Books
_c
1988
300
_a
56 p .,
650
_a
Poems
942
_c
L
999
_c
4209
_d
4209